000
00236nam a2200097Ia 4500
008
171211s9999 xx 000 0 und d
245
2
_a
A Guide To Modern U.s. Army Weapons
245
_c
V.M. DeMola
260
_c
2012
650
_x
Military
999
_c
348341
_d
348341